Geography Quiz

Random Geography or City Quiz

Cities with Most Skyscrapers Quiz Stats

 Plays Quiz Updated Dec 19, 2018

Support Sporcle.
Go Orange.
Score 0/20 Timer 05:00
5 Plays Today
Skyscrapers City % Correct
722New York City
99.5%
312Chicago
91.3%
144Beijing
87.1%
483Tokyo
84.2%
285Dubai
80.1%
255Toronto
79.6%
296Shanghai
71.5%
1,302Hong Kong
70%
150Moscow
60.9%
230Singapore
52%
Skyscrapers City % Correct
165Seoul
47.5%
163Bangkok
36.3%
160Osaka
33.8%
143Istanbul
23.2%
245Guangzhou
22.5%
168Tianjin
20.9%
164Wuhan
20.4%
218Chongqing
14.1%
260Shenzhen
13.5%
140Xiamen
4.6%

From the Vault

Christmas Flags

by sproutcm

They forgot to put presents under the tree on that flag.
Remove Ads.
Support Sporcle.
Get the best of Sporcle when you Go Orange. This ad-free experience offers more features, more stats, and more fun while also helping to support Sporcle. Thank you for becoming a member.

Show Comments

Extras

Top Quizzes Today


Score Distribution

Your Account Isn't Verified!

In order to create a playlist on Sporcle, you need to verify the email address you used during registration. Go to your Sporcle Settings to finish the process.

Report this User

Report this user for behavior that violates our Community Guidelines.

Details: